sanah - Oczy - Statystyki

Ogólne statystyki
  • Ten quiz został rozwiązany 49 razy
  • Średni wynik to 170 z 211
Statystyki odpowiedzi
Odpowiedź % Poprawnych
o
100%
oczy
100%
A
96%
nich
96%
96%
te
96%
twoje
96%
Twoje
96%
W
96%
w
96%
Ach
93%
ach
93%
był
93%
ja
93%
Jak
93%
jak
93%
nie
93%
raz
93%
się
93%
zielone
93%
gubiłam
89%
mi
89%
to
89%
To
89%
dotyk
86%
działał
86%
maj
86%
narkotyk
86%
No
86%
nocy
86%
tych
86%
żal
86%
co
82%
I
82%
majowych
82%
ten
82%
tu
82%
Tylu
82%
już
79%
Już
79%
po
79%
Deja
75%
deja
75%
Mam
75%
mam
75%
Miejsca
75%
vu
75%
Wiem
75%
wstyd
75%
zagrzeję
75%
ale
71%
Bajka
71%
chyba
71%
Chyba
71%
ciut
71%
cóż
71%
dziś
71%
jej
71%
mnie
71%
moja
71%
plis
71%
przeszło
71%
bzika
68%
chmury
68%
cichu
68%
dasz
68%
dasz...
68%
deszczowe
68%
odeszło
68%
Pomyśl
68%
tylko
68%
Wiesz
68%
ciągle
64%
innej
64%
iskierkę
64%
Kiedy
64%
Lecz
64%
luz
64%
Miałam
64%
oczach
64%
Przecież
64%
Szkoda
64%
Czemu
61%
gdzie
57%
Gdzie
57%
gubię
54%
trochę
54%
znów
54%
vous
50%
blask
46%
rendez
46%
tym
46%
kilka
43%
moje
43%
patrzę
43%
słówek
43%
Szepnął
39%
Ktoś
36%
Nie znaleziono quizów pasujących do podanych kryteriów
Rozkład punktacji
Procent ludzi z każdym wynikiem
Percentyl według liczby udzielonych odpowiedzi
Twoja historia wyników
Nie rozwiązałeś tego quizu